Statistics for NFL - Raiders All-Time Best Players

Click here to take the quiz!

General Stats

  • This quiz has been taken 41 times
  • The average score is 10 of 15

Answer Stats

HintAnswer% Correct
WR - #17 - ACTIVEDavante Adams
90%
RB - #34 - 1986-1991Bo Jackson
86%
RB - #28 - ACTIVEJosh Jacobs
83%
RB - #32 - 1982-1997Marcus Allen
83%
DE - #98 - ACTIVEMaxx Crosby
79%
S - #24 - 1998-2016Charles Woodson
76%
QB - #12 - 1968-1985Ken Stabler
72%
DE - #75 - 1981-1994Howie Long
66%
WR - #81 - 1988-2004Tim Brown
62%
G - #63 - 1967-1983Gene Upshaw
55%
WR - #25 - 1965-1978Fred Biletnikoff
52%
WR - #13 - ACTIVEHunter Renfrow
52%
C - #00 - 1960-1975Jim Otto
52%
DE - #55 - ACTIVEChandler Jones
48%
DE - #83 - 1969-1983Ted Hendricks
38%

Score Distribution

Percentile by Number Answered

Percent of People with Each Score

Your Score History

You have not taken this quiz